| 000 | 00540nam a2200169 a 4500 | ||
|---|---|---|---|
| 001 | 1877 | ||
| 003 | CDMR | ||
| 005 | 20130403102711.0 | ||
| 008 | 130130s ||||||||||||||||||||||||||||d | ||
| 040 |
_aCDMR _bcat _cCDMR |
||
| 111 | 2 |
_aJornada de la Prensa Agraria _cLleida _d1988 _n1ª _91196 |
|
| 245 | 1 | 3 |
_aLa informació agraria i la premsa comarcal _b: Fira de Sant Miquel 1988 : [programa i ponència] _cI Jornada de la Premsa Agraria |
| 300 |
_a[4] f ; _c30 cm |
||
| 500 | _aEx. fotocopiat | ||
| 500 | _aPrograma en tríptic | ||
| 942 |
_cMON _2udc |
||
| 999 |
_c1877 _d1877 |
||